000 00761nam a22002057a 4500
003 OSt
005 20250620015754.0
008 250505t2007 |||o|||| | || 00| ||e|g dd d
020 _a9788126134878
040 _cJMCFI - Learning Resource Center
082 _aeBook 550 P189 2007
100 _aPandey, D. K
_936939
245 _aBasics of earth science
_h[electronic resource] /
_cD. K. Pandey.
260 _aNew Delhi :
_bAnmol Publications,
_c2007.
300 _a1 online resource (365 pages).
650 _aEarth sciences.
_915367
650 _aiG Publishing.
_933537
856 _uhttps://viewer.igroupnet.com/viewer/service/iglib3/default/NBNB0013184/default/default/desktop/vertical/2/1/viewer.html?f71f52dc0def9c2b781aa015f7c2767d
942 _2ddc
_cEBK
_n0
999 _c11548
_d11548